000 00202 a2200097 4500
001 48469
100 _aNoyee, W
245 _aSouth COL
260 _aLondon
_bWilliam Heinemann
_c
090 _c31405
_d31405
942 _aNUST-CAE
_c
_c23787
999 _c283542
_d283542